<?xml version="1.0" encoding="UTF-8"?>
<record
    xmlns:xsi="http://www.w3.org/2001/XMLSchema-instance"
    xsi:schemaLocation="http://www.loc.gov/MARC21/slim http://www.loc.gov/standards/marcxml/schema/MARC21slim.xsd"
    xmlns="http://www.loc.gov/MARC21/slim">

  <leader>01360nam a22002177a 4500</leader>
  <controlfield tag="003">BDDh-ASL</controlfield>
  <controlfield tag="005">20231015031013.0</controlfield>
  <controlfield tag="008">220914s2021    b  ||||| |||| 00| 0 b   d</controlfield>
  <datafield tag="040" ind1=" " ind2=" ">
    <subfield code="c">BDDh-ASL</subfield>
  </datafield>
  <datafield tag="041" ind1=" " ind2=" ">
    <subfield code="a">ben</subfield>
  </datafield>
  <datafield tag="082" ind1=" " ind2=" ">
    <subfield code="a">297</subfield>
    <subfield code="b">PAY</subfield>
  </datafield>
  <datafield tag="245" ind1="0" ind2="0">
    <subfield code="a">&#x9AA;&#x9AF;&#x9BC;&#x997;&#x9BE;&#x9AE;&#x9CD;&#x9AC;&#x9B0;&#x9C7; &#x9B0;&#x9B9;&#x9AE;&#x9A4;: </subfield>
    <subfield code="b">&#x9AE;&#x9B9;&#x9BE;&#x9A8;&#x9AC;&#x9C0; &#x9B9;&#x9AF;&#x9B0;&#x9A4; &#x9AE;&#x9C1;&#x9B9;&#x9BE;&#x9AE;&#x9CD;&#x9AE;&#x9A6; (&#x9B8;&#x9BE;.) &#x9B8;&#x9AE;&#x9CD;&#x9AA;&#x9B0;&#x9CD;&#x995;&#x9C7; &#x987;&#x9B8;&#x9B2;&#x9BE;&#x9AE;&#x9C0; &#x9AC;&#x9BF;&#x9AA;&#x9CD;&#x9B2;&#x9AC;&#x9C7;&#x9B0; &#x9AE;&#x9B9;&#x9BE;&#x9A8; &#x9A8;&#x9C7;&#x9A4;&#x9BE; &#x9B9;&#x9AF;&#x9B0;&#x9A4; &#x986;&#x9AF;&#x9BC;&#x9BE;&#x9A4;&#x9C1;&#x9B2;&#x9CD;&#x9B2;&#x9BE;&#x9B9; &#x986;&#x9B2; &#x989;&#x99C;&#x9AE;&#x9BE; &#x996;&#x9BE;&#x9AE;&#x9C7;&#x9A8;&#x9C7;&#x9AF;&#x9BC;&#x9C0; (&#x9AE;&#x9C1;&#x9A6;&#x9CD;&#x9A6;&#x9BE;&#x9AF;&#x9BF;&#x9B2;&#x9CD;&#x9B2;&#x9C1;&#x9B9;&#x9C1;)-&#x98F;&#x9B0; &#x9AC;&#x9AF;&#x9BC;&#x9BE;&#x9A8; &#x9B8;&#x982;&#x995;&#x9B2;&#x9A8;&#x964; /</subfield>
    <subfield code="c">&#x9A1;. &#x9AE;&#x9C1;&#x9B9;&#x9BE;&#x9AE;&#x9CD;&#x9AE;&#x9A6; &#x988;&#x9B8;&#x9BE; &#x9B6;&#x9BE;&#x9B9;&#x9C7;&#x9A6;&#x9C0; (&#x9AC;&#x999;&#x9CD;&#x997;&#x9BE;&#x9A8;&#x9C1;&#x9AC;&#x9BE;&#x9A6;) &#x993; &#x9A1;. &#x98F;&#x9AE; &#x986;&#x9AC;&#x9CD;&#x9A6;&#x9C1;&#x9B2; &#x995;&#x9C1;&#x9A6;&#x9CD;&#x9A6;&#x9C1;&#x9B8; &#x9AC;&#x9BE;&#x9A6;&#x9B6;&#x9BE; (&#x9B8;&#x9AE;&#x9CD;&#x9AA;&#x9BE;.)&#x964; </subfield>
  </datafield>
  <datafield tag="246" ind1=" " ind2=" ">
    <subfield code="a">Paygambare Rahmat. </subfield>
  </datafield>
  <datafield tag="260" ind1=" " ind2=" ">
    <subfield code="a">&#x9A2;&#x9BE;&#x995;&#x9BE;: </subfield>
    <subfield code="b">&#x9B8;&#x9C2;&#x99A;&#x9C0;&#x9AA;&#x9A4;&#x9CD;&#x9B0;, </subfield>
    <subfield code="c">&#x9E8;&#x9E6;&#x9E8;&#x9E7;&#x964; </subfield>
  </datafield>
  <datafield tag="300" ind1=" " ind2=" ">
    <subfield code="a">&#x9E8;&#x9EB;&#x9EC; &#x9AA;&#x9C3;&#x9B7;&#x9CD;&#x9A0;&#x9BE;: </subfield>
    <subfield code="c">&#x9E8;&#x9E8; &#x9B8;&#x9C7;. &#x9AE;&#x9BF;. </subfield>
  </datafield>
  <datafield tag="504" ind1=" " ind2=" ">
    <subfield code="a">&#x997;&#x9CD;&#x9B0;&#x9A8;&#x9CD;&#x9A5;&#x9AA;&#x99E;&#x9CD;&#x99C;&#x9BF; &#x9B8;&#x982;&#x9AF;&#x9C1;&#x995;&#x9CD;&#x9A4; &#x964;</subfield>
  </datafield>
  <datafield tag="650" ind1=" " ind2="0">
    <subfield code="9">6085</subfield>
    <subfield code="a">&#x987;&#x9B8;&#x9B2;&#x9BE;&#x9AE; &#x9A7;&#x9B0;&#x9CD;&#x9AE; (Islamic Religion)</subfield>
  </datafield>
  <datafield tag="700" ind1="1" ind2=" ">
    <subfield code="9">6498</subfield>
    <subfield code="a">&#x9B6;&#x9BE;&#x9B9;&#x9C7;&#x9A6;&#x9C0;, &#x9AE;&#x9C1;&#x9B9;&#x9BE;&#x9AE;&#x9CD;&#x9AE;&#x9A6; &#x988;&#x9B8;&#x9BE;</subfield>
    <subfield code="c">&#x9A1;. </subfield>
  </datafield>
  <datafield tag="700" ind1="1" ind2=" ">
    <subfield code="9">6499</subfield>
    <subfield code="a">&#x9AC;&#x9BE;&#x9A6;&#x9B6;&#x9BE;, &#x98F;&#x9AE; &#x986;&#x9AC;&#x9CD;&#x9A6;&#x9C1;&#x9B2; &#x995;&#x9C1;&#x9A6;&#x9CD;&#x9A6;&#x9C1;&#x9B8; </subfield>
    <subfield code="c">&#x9A1;. </subfield>
  </datafield>
  <datafield tag="942" ind1=" " ind2=" ">
    <subfield code="2">ddc</subfield>
    <subfield code="c">BK</subfield>
  </datafield>
  <datafield tag="952" ind1=" " ind2=" ">
    <subfield code="0">0</subfield>
    <subfield code="1">0</subfield>
    <subfield code="2">ddc</subfield>
    <subfield code="4">0</subfield>
    <subfield code="7">0</subfield>
    <subfield code="8">NFIC</subfield>
    <subfield code="a">ASL</subfield>
    <subfield code="b">ASL</subfield>
    <subfield code="c">GEN</subfield>
    <subfield code="d">2022-09-14</subfield>
    <subfield code="e">Complementary</subfield>
    <subfield code="l">0</subfield>
    <subfield code="o">297 PAY</subfield>
    <subfield code="p">117362</subfield>
    <subfield code="r">2022-09-14 00:00:00</subfield>
    <subfield code="t">C-1</subfield>
    <subfield code="w">2022-09-14</subfield>
    <subfield code="y">BK</subfield>
  </datafield>
  <datafield tag="952" ind1=" " ind2=" ">
    <subfield code="0">0</subfield>
    <subfield code="1">0</subfield>
    <subfield code="2">ddc</subfield>
    <subfield code="4">0</subfield>
    <subfield code="7">0</subfield>
    <subfield code="8">NFIC</subfield>
    <subfield code="a">ASL</subfield>
    <subfield code="b">ASL</subfield>
    <subfield code="c">GEN</subfield>
    <subfield code="d">2023-04-17</subfield>
    <subfield code="e">Complimentary</subfield>
    <subfield code="l">0</subfield>
    <subfield code="o">297 PAY</subfield>
    <subfield code="p">120756</subfield>
    <subfield code="r">2023-04-17 00:00:00</subfield>
    <subfield code="t">C-2</subfield>
    <subfield code="w">2023-04-17</subfield>
    <subfield code="y">BK</subfield>
    <subfield code="z">Y-2021</subfield>
  </datafield>
  <datafield tag="999" ind1=" " ind2=" ">
    <subfield code="c">29176</subfield>
    <subfield code="d">29176</subfield>
  </datafield>
</record>
